000 00701nam a22002297a 4500
003 UA-OsUOA
001 22411
007 ta
008 20031219b un ||||| |||| 00| 0 ukr d
090 _a141.132
_bР12
942 _cBK
040 _aUA-OsUOA
_brus
_cUA-OsUOA
_dUA-OsUOA
245 _aРациональность, рассуждение, комуникация (логико-методологический анализ)
_bСборник научных трудов
_cРед. А.Т.Ишмуратов
300 _a220 с.
955 _a0
041 _arus
080 _a141.132
260 _aКиев
_bНаукова думка
_c1987
044 _aUA
650 7 _2UDC
999 _c308631
_d308631